| 000 | 005310000a22001930004500 | ||
|---|---|---|---|
| 001 | 2139 | ||
| 003 | CO-MdFUSB | ||
| 005 | 20170605171143.0 | ||
| 008 | 170605b xxu||||| |||| 00| 0 eng d | ||
| 020 | _a978-0-14-241447-7 | ||
| 040 | _cCO-MdBIC | ||
| 082 | 0 | 4 | _a863C L786v |
| 100 | 1 | _aScieszka, Jon | |
| 245 | 1 | 0 | _aíLa verdadera historia de los tres cerditos! / Jon Scieszka ilustrado por Lane Smith |
| 260 | _aCanada : Puffin Books | ||
| 300 | _a(64 P.) | ||
| 650 | 1 | 4 | _aCuentos Infantiles \ Cuentos Clasicos |
| 942 | _cLGB | ||
| 999 |
_c49285 _d49285 |
||